000 005880000a22002050004500
090 _aAR
_b00149
245 1 0 _aMimosaceae and Caesalpiniaceae of Colombia
650 1 4 _aVegetación
_992799
650 1 4 _aLeguminosas
_94394
650 1 4 _aSistemática vegetal
_95234
650 1 4 _aTaxonomía
_992343
651 4 _pColombia
_992749
653 _fMimosaceae
653 _fCaesalpiniaceae
041 0 _aInglés
700 1 _aKillip, Ellsworth P.
_993008
100 1 _aBritton, N. L.
_993009
942 _cARTICULO
773 1 _tAnnals of the New York Academy of Sciences
_367
_q127-130
_d1936
_g35
999 _c9250
_d9250